Etsi salainen valtio värivihjeiden avulla #2 - Statistics

Yleistilastot
  • Tätä visaa on pelattu 2 828 kertaa
  • Keskiarvotulos 45 / 196
Vastaukset kartalla
Vastauksille on annettu kartalla punavihreä väri sen mukaan, kuinka moni on saanut sen oikein.
 
Vastaustilastot
Valtio % Oikein
Suomi
70%
Yhdysvallat
56%
Venäjä
53%
Etelä-Afrikka
49%
Kiina
48%
Kongon demokraattinen tasavalta
43%
Kongon tasavalta
43%
Egypti
40%
Saksa
38%
Italia
35%
Kenia
35%
Ruotsi
34%
Kanada
33%
Ranska
33%
Espanja
32%
Angola
31%
Lesotho
31%
Namibia
31%
Sudan
31%
Tansania
31%
Australia
30%
Madagaskar
30%
Somalia
30%
Intia
29%
Niger
29%
Norja
29%
Sambia
29%
Brasilia
28%
Etiopia
28%
Kreikka
28%
Mosambik
28%
Turkki
28%
Uganda
28%
Algeria
27%
Japani
27%
Iran
26%
Marokko
26%
Ruanda
26%
Zimbabwe
26%
Libya
25%
Meksiko
25%
Nigeria
25%
Puola
25%
Swazimaa
25%
Tšad
25%
Etelä-Sudan
24%
Irak
24%
Keski-Afrikan tasavalta
24%
Malawi
24%
Saudi-Arabia
24%
Tanska
24%
Viro
24%
Ghana
23%
Islanti
23%
Israel
23%
Mali
23%
Tunisia
23%
Ukraina
23%
Yhdistynyt kuningaskunta
23%
Burundi
22%
Eritrea
22%
Jemen
22%
Mongolia
22%
Argentiina
21%
Chile
21%
Gabon
21%
Gambia
21%
Indonesia
21%
Irlanti
21%
Kamerun
21%
Latvia
21%
Malta
21%
Oman
21%
Peru
21%
Portugali
21%
Slovenia
21%
Sveitsi
21%
Syyria
21%
Afganistan
20%
Albania
20%
Belgia
20%
Benin
20%
Bolivia
20%
Jordania
20%
Kazakstan
20%
Kolumbia
20%
Kosovo
20%
Kroatia
20%
Kuuba
20%
Kypros
20%
Libanon
20%
Liberia
20%
Liettua
20%
Nepal
20%
Pakistan
20%
Panama
20%
Romania
20%
Senegal
20%
Serbia
20%
Slovakia
20%
Thaimaa
20%
Togo
20%
Tšekki
20%
Unkari
20%
Uusi-Seelanti
20%
Vietnam
20%
Alankomaat
19%
Andorra
19%
Armenia
19%
Bahama
19%
Bangladesh
19%
Belize
19%
Bosnia ja Hertsegovina
19%
Brunei
19%
Bulgaria
19%
Burkina Faso
19%
Djibouti
19%
Dominica
19%
Ecuador
19%
Etelä-Korea
19%
Fidži
19%
Filippiinit
19%
Georgia
19%
Grenada
19%
Guatemala
19%
Guinea
19%
Guyana
19%
Haiti
19%
Honduras
19%
Itävalta
19%
Jamaika
19%
Kap Verde
19%
Kirgisia
19%
Kiribati
19%
Komorit
19%
Kuwait
19%
Laos
19%
Liechtenstein
19%
Luxemburg
19%
Malediivit
19%
Malesia
19%
Mauritania
19%
Mauritius
19%
Moldova
19%
Monaco
19%
Montenegro
19%
Myanmar
19%
Nauru
19%
Nicaragua
19%
Norsunluurannikko
19%
Päiväntasaajan Guinea
19%
Papua-Uusi-Guinea
19%
Paraguay
19%
Pohjois-Korea
19%
Pohjois-Makedonia
19%
Qatar
19%
Samoa
19%
San Marino
19%
São Tomé ja Príncipe
19%
Seychellit
19%
Sierra Leone
19%
Singapore
19%
Sri Lanka
19%
Suriname
19%
Taiwan
19%
Tuvalu
19%
Uruguay
19%
Valko-Venäjä
19%
Vatikaanivaltio
19%
Venezuela
19%
Yhdistyneet arabiemiraatit
19%
Antigua ja Barbuda
18%
Azerbaidžan
18%
Bahrain
18%
Barbados
18%
Bhutan
18%
Costa Rica
18%
Dominikaaninen tasavalta
18%
El Salvador
18%
Guinea-Bissau
18%
Itä-Timor
18%
Kambodža
18%
Marshallinsaaret
18%
Mikronesia
18%
Palau
18%
Saint Kitts ja Nevis
18%
Saint Lucia
18%
Saint Vincent ja Grenadiinit
18%
Salainen valtio
18%
Salomoninsaaret
18%
Tadžikistan
18%
Tonga
18%
Trinidad ja Tobago
18%
Turkmenistan
18%
Uzbekistan
18%
Vanuatu
18%
Ehtoja vastaavia visoja ei löytynyt
Tulosjakauma
Jokaisen tuloksen saaneiden osuus
Persentiili vastausten määrän mukaan
Tuloshistoriasi
Et ole pelannut tätä visaa